000 01344cam a22003617a 4500
003 CHAP
005 20220817043718.0
008 001004d2000 mx r 00110 spa d
010 _a82456
011 _a83428
035 _a93941
040 _cCHAP
090 _aTesis
100 0 0 _aTrucios Caciano, Ramón.
_9115346
245 1 0 _aEnsayo comparativo entre los métodos biointensivo y tradicional en cultivo de chile (Capsicum annumm L. var. seraciforme)
_c/por Ramón Trucios Caciano
260 _aChapingo, Méx. :
_bEl autor,
_c2000.
300 _a61 h. :
_bgráfs.
502 _aTesis (Ing. Agr. Esp. en Sistémas Agrícolas de Zonas Aridas) -- UACH. Unidad Regional Universitaria de Zonas Aridas
590 _aALEPH
_b10
_c20130110
_lUCH01
_h1438
590 _aBATCH-UPD
_b10
_c20130110
_lUCH01
_h0446
590 _aBATCH-UPD
_b10
_c20130410
_lUCH01
_h0123
590 _aBATCH-UPD
_b10
_c20130913
_lUCH01
_h2222
590 _aCONVERSION
_b10
_c20130109
_lUCH01
_h1346
650 1 4 _aAgricultura orgánica.
_92005
650 1 4 _aAgricultura sustentable.
650 1 4 _aChile (Botánica)
_xPropagación.
_922386
650 1 4 _aSistemas de cultivo.
_9106746
901 _aBK
905 _aMayto Villalobos S.
942 _cFOLL
949 _bBC
_cTES
_d33724000794285
_eTS2
_fc.2
_h37076
_i93941
_si
949 _bBC
_cTES
_d93941
_eTS1
_h37075
_i93941
_sb
999 _c82456
_d82456